Detalles MARC
| 000 -CABECERA |
| campo de control de longitud fija |
01795nam a2200325Ia 4500 |
| 003 - IDENTIFICADOR DEL NÚMERO DE CONTROL |
| campo de control |
MXCEDOC |
| 005 - FECHA Y HORA DE LA ÚLTIMA TRANSACCIÓN |
| campo de control |
20251201115629.0 |
| 008 - DATOS DE LONGITUD FIJA--INFORMACIÓN GENERAL |
| campo de control de longitud fija |
210312s9999||||xx |||||||||||||| ||und|| |
| 040 ## - FUENTE DE LA CATALOGACIÓN |
| Centro catalogador/agencia de origen |
IMDF |
| Centro/agencia transcriptor |
IMDF |
| 041 ## - CÓDIGO DE LENGUA |
| Código de lengua del texto/banda sonora o título independiente |
spa |
| 082 ## - NÚMERO DE LA CLASIFICACIÓN DECIMAL DEWEY |
| Número de clasificación |
CDCLS,361.25,C96,5 |
| 100 ## - ENTRADA PRINCIPAL--NOMBRE DE PERSONA |
| Nombre de persona |
Ramírez Sáiz, Juan Manuel |
| 9 (RLIN) |
2187 |
| 245 ## - MENCIÓN DE TÍTULO |
| Título |
Conservadurismo, sociedad civil y gobernabilidad: nuevas grupalidades en Guadalajara |
| 260 ## - PUBLICACIÓN, DISTRIBUCIÓN, ETC. |
| Lugar de publicación, distribución, etc. |
Xalapa, Ver. : |
| Nombre del editor, distribuidor, etc. |
Universidad Veracruzana, Instituto de Investigaciones Histórico-Sociales, |
| Fecha de publicación, distribución, etc. |
2001 |
| 300 ## - DESCRIPCIÓN FÍSICA |
| Extensión |
56 p. |
| 490 ## - MENCIÓN DE SERIE |
| Mención de serie |
Cuadernos de la Sociedad Civil ; |
| Designación de volumen o secuencia |
5 |
| 505 ## - NOTA DE CONTENIDO CON FORMATO |
| Nota de contenido con formato |
La presente obra es resultado del Proyecto Sociedad Civil y Gobernabilidad en México |
| 520 ## - SUMARIO, ETC. |
| Sumario, etc. |
Este es un estudio de caso basado en las nuevas condiciones que se dan entre sociedad y gobierno en el contexto político de la transición democrática vivido en la ciudad de Guadalajara, Jalisco, durante la década de los noventa. A nivel nacional, este caso, aunque no es emblemático de la realidad mexicana, ni agota la diversidad de actores y formas de hacer política, reviste singular importancia para entender los cambios actuales en el campo de la política, pues revela la movilización creciente de actores conservadores y de derecha cuyo protagonismo va en ascenso y que están teniendo una importante contribución en el proceso de democratización del sistema político |
| 650 ## - PUNTO DE ACCESO ADICIONAL DE MATERIA--TÉRMINO DE MATERIA |
| Término de materia o nombre geográfico como elemento de entrada |
ASOCIACIONES CIVILES |
| 9 (RLIN) |
2188 |
| 650 ## - PUNTO DE ACCESO ADICIONAL DE MATERIA--TÉRMINO DE MATERIA |
| Término de materia o nombre geográfico como elemento de entrada |
CONSERVADURISMO |
| 9 (RLIN) |
2189 |
| 650 ## - PUNTO DE ACCESO ADICIONAL DE MATERIA--TÉRMINO DE MATERIA |
| Término de materia o nombre geográfico como elemento de entrada |
EDUCACION CIVICA |
| 9 (RLIN) |
1709 |
| 650 ## - PUNTO DE ACCESO ADICIONAL DE MATERIA--TÉRMINO DE MATERIA |
| Término de materia o nombre geográfico como elemento de entrada |
ELECCIONES |
| 9 (RLIN) |
63 |
| 650 ## - PUNTO DE ACCESO ADICIONAL DE MATERIA--TÉRMINO DE MATERIA |
| Término de materia o nombre geográfico como elemento de entrada |
LEGALIDAD |
| 9 (RLIN) |
2190 |
| 650 ## - PUNTO DE ACCESO ADICIONAL DE MATERIA--TÉRMINO DE MATERIA |
| Término de materia o nombre geográfico como elemento de entrada |
MEXICO. JALISCO. GUADALAJARA |
| 9 (RLIN) |
2191 |
| 650 ## - PUNTO DE ACCESO ADICIONAL DE MATERIA--TÉRMINO DE MATERIA |
| Término de materia o nombre geográfico como elemento de entrada |
MOVIMIENTOS SOCIALES |
| 650 ## - PUNTO DE ACCESO ADICIONAL DE MATERIA--TÉRMINO DE MATERIA |
| Término de materia o nombre geográfico como elemento de entrada |
ORGANIZACIONES CIVILES |
| 9 (RLIN) |
298 |
| 650 ## - PUNTO DE ACCESO ADICIONAL DE MATERIA--TÉRMINO DE MATERIA |
| Término de materia o nombre geográfico como elemento de entrada |
PARTIDOS POLITICOS |
| 9 (RLIN) |
248 |
| 650 ## - PUNTO DE ACCESO ADICIONAL DE MATERIA--TÉRMINO DE MATERIA |
| Término de materia o nombre geográfico como elemento de entrada |
TRANSPARENCIA |
| 9 (RLIN) |
385 |
| 942 ## - ELEMENTOS DE ENTRADA AGREGADA (KOHA) |
| Tipo de ítem Koha |
Libro |
| Fuente del sistema de clasificación o colocación |
Clasificación Decimal Dewey |